Fundamentals of heat engineering and hydraulics (Record no. 545776)

000 -LEADER
fixed length control field 00686cam a2200181 4500
082 00 - DEWEY DECIMAL CLASSIFICATION NUMBER
Classification number 621.402
Author Mark CHE
-- L-12, P-24
100 1# - MAIN ENTRY--PERSONAL NAME
Personal name Chernov, Aleksandr Vasil'evich
9 (RLIN) 41732
245 10 - TITLE STATEMENT
Title Fundamentals of heat engineering and hydraulics
Statement of responsibility, etc. [by] A. Chernov [and] N. Bessrebrennikov. Translated from the Russian by A. Troitsky.
260 ## - PUBLICATION, DISTRIBUTION, ETC.
Place of publication, distribution, etc. Moscow,
Name of publisher, distributor, etc. Mir Publishers,
Date of publication, distribution, etc. 1969.
300 ## - PHYSICAL DESCRIPTION
Extent 407 p.
Other physical details illus.
Dimensions 21 cm.
500 ## - GENERAL NOTE
General note Translation of Osnovy teplotekhniki i gidravliki.
526 ## - STUDY PROGRAM INFORMATION NOTE
Program name 0
Interest level 0
Reading level 0
Title point value 621_402000000000000_CHE
650 #0 - SUBJECT ADDED ENTRY--TOPICAL TERM
Topical term or geographic name entry element Hydraulics.
650 #0 - SUBJECT ADDED ENTRY--TOPICAL TERM
Topical term or geographic name entry element MCE
9 (RLIN) 379
650 #0 - SUBJECT ADDED ENTRY--TOPICAL TERM
Topical term or geographic name entry element Thermodynamics.
9 (RLIN) 7134
700 1# - ADDED ENTRY--PERSONAL NAME
Personal name Bessrebrennikov, Nikolaĭ Konstantinovich,
9 (RLIN) 41733
942 ## - ADDED ENTRY ELEMENTS (KOHA)
Source of classification or shelving scheme
Koha item type Book
Holdings
Withdrawn status Lost status Source of classification or shelving scheme Damaged status Not for loan Permanent Location Current Location Date acquired Total Checkouts Full call number Barcode Date last seen Price effective from Koha item type
          Military College of Engineering (MCE) Military College of Engineering (MCE) 05/29/2014   621.402 CHE MCE-3601 05/29/2014 05/29/2014 Book
© 2023 Central Library, National University of Sciences and Technology. All Rights Reserved.